000 00910cab a2200265 4500
001 ABS55706
008 090401t1996 xxu||||| |||| 00| 0 eng d
035 _a(Sirsi) u18205
041 _aeng
100 _aPawlowski, M.
245 _aIntention to develop - three bites at the cherry?
260 _c1996
350 _a0
490 _aRent Review & Lease Renewal
_v16(3) 1996, 7-13(7)
520 _aExamines the `intention to develop` provisions of the Landlord and Tenant Act 1954 Part II under which a landlord can refuse to grant a new tenancy to an existing tenant. Refers to case law.
650 _aINTENTION TO DEVELOP
650 _aLANDLORD AND TENANT ACT 1954 S30(1)(F)
650 _aNEW TENANCY
650 _aREFUSAL TO GRANT
650 _aSECTION 25 NOTICES
650 _aSECURITY OF TENURE
690 _aLANDLORD AND TENANT-BUSINESS TENANCIES
942 _n0
948 _c04/03/1997
999 _c12078
_d12078